01305aam a2200337 4500952014900000999001700149001000600166003001000172005001700182008004100199020001800240040004700258041000800305082002400313100002600337245008200363264005200445264001100497300001800508336002700526337003300553338002800586490004600614500008900660501004200749504004100791505004900832563001400881630006500895942000700960 00102ddc40708GENaFUSBCbFUSBCd2015-08-11l1m1oG 226.206 L226op20240r2023-05-09 00:00:00s2017-06-20tEj. 1w2016-01-26yBKB0IINV2023 c46988d4698820637CO-MdFUSB20171120101649.0170512s1991 xxu||||f |||| 00| 0 eng d a90-6831-161-1 aCO-MdFUSBbspacCO-MdFUSBdCO-MdFUSBCerda aeng 224a226.206 bL226o1 aLambrecht, Janeautor10aOut of the treasureb: The parables in the gospel of Matthewc/ Jan Lambrecht 1aLouvain, Belgium : bPeeters Press, c℗[1992] 4c©1991 a299 páginas 2rdacontentatextobtxt 2rdamediaasin mediaciónbn 2rdacarrieravolumenbnc aLouvain Theological & Pastoral Monographs aTítulo original: Nieuw en oud uit de schat. De parabels van het Matteüsevangelie aIncluye indices (páginas: 291- 299) aBibliografía (páginas: 282- 284)00aUn comentario sobre las parábolas en Mateo aRústico 7aBiblia.vMateovParabolasxCrítica, interpretación, etc. cBK